Jojo's Bizarre Adventure Personnages part 1-6 - Statistiques

Statistiques générales
  • Ce quiz a été pris 1 996 fois
    787 depuis la dernière actualisation
  • Le résultat moyen est 41 sur 195
Statistiques - réponses
Nom de la Partie Réponse % Correct
Phantom Blood Dio Brando
96%
Phantom Blood Jonathan Joestar
95%
Battle Tendency Joseph Joestar
88%
Stardust Crusaders Jotaro Kujo
88%
Phantom Blood Robert Edward O. Speedwagon
79%
Diamond is Unbreakable Josuke Higashikata
78%
Stardust Crusaders Jean Pierre Polnareff
77%
Stardust Crusaders Mohammed Abdul
76%
Golden Wind Giorno Giovanna
75%
Battle Tendency Caesar Anthonio Zeppeli
74%
Battle Tendency Cars
74%
Stone Ocean Jolyne Cujoh
74%
Stardust Crusaders Noriaki Kakyoin
72%
Phantom Blood Will Anthonio Zeppeli
71%
Phantom Blood Erina Pendleton
69%
Battle Tendency Lisa Lisa (Elizabeth Joestar)
68%
Battle Tendency Wham
67%
Stardust Crusaders Iggy
66%
Diamond is Unbreakable Yoshikage Kira
64%
Battle Tendency AC/DC
62%
Stone Ocean Enrico Pucci
61%
Golden Wind Diavolo
60%
Phantom Blood George Joestar I
58%
Battle Tendency George Joestar II
58%
Diamond is Unbreakable Koichi Hirose
58%
Golden Wind Narancia Ghirga
57%
Golden Wind Guido Mista
56%
Diamond is Unbreakable Okuyasu Nijimura
54%
Golden Wind Bruno Bucciarati
53%
Golden Wind Pannacotta Fugo
51%
Golden Wind Leone Abbacchio
49%
Stone Ocean Ermes Costello
48%
Diamond is Unbreakable Rohan Kishibe
47%
Battle Tendency Rudol von Stroheim
46%
Phantom Blood Danny
45%
Stardust Crusaders Vanilla Ice
44%
Stone Ocean F.F. / Foo Fighters
43%
Golden Wind Trish Una
41%
Golden Wind Vinegar Doppio
40%
Phantom Blood Dario Brando
38%
Stone Ocean Emporio Alniño
38%
Stardust Crusaders Hol Horse
38%
Stardust Crusaders Holy Kujo
38%
Stone Ocean Weather Report
38%
Golden Wind Risotto Nero
36%
Battle Tendency Santana
36%
Stardust Crusaders Boingo
35%
Stardust Crusaders Oingo
35%
Stone Ocean Narciso Anasui
33%
Battle Tendency Smokey Brown
32%
Phantom Blood Straits
32%
Stardust Crusaders Mariah
28%
Golden Wind Polpo
28%
Stardust Crusaders Enya Geil
27%
Diamond is Unbreakable Aya Tsuji
26%
Golden Wind Pesci
26%
Phantom Blood Tarkus
26%
Phantom Blood Jack l'Éventreur
24%
Stardust Crusaders Pet Shop
24%
Battle Tendency Suzi Q
24%
Diamond is Unbreakable Yukako Yamagishi
24%
Phantom Blood Bruford
23%
Diamond is Unbreakable Shigekiyo "Shigechi" Yangu
23%
Diamond is Unbreakable Anjuro Katagiri
22%
Phantom Blood Poco
22%
Diamond is Unbreakable Tonio Trussardi
22%
Golden Wind Cioccolata
20%
Stardust Crusaders Anubis
19%
Diamond is Unbreakable Hayato Kawajiri
19%
Stardust Crusaders J. Geil
18%
Diamond is Unbreakable Akira Otoishi
17%
Phantom Blood Dire
17%
Stardust Crusaders N'Doul
17%
Diamond is Unbreakable Reimi Sugimoto
17%
Stardust Crusaders Alessi
16%
Golden Wind Formaggio
16%
Golden Wind Prosciutto
16%
Diamond is Unbreakable Tomoko Higashikata
16%
Golden Wind Melone
15%
Golden Wind Ghiaccio
14%
Diamond is Unbreakable Keicho Nijimura
14%
Golden Wind Secco
14%
Stardust Crusaders Steely Dan
14%
Golden Wind Gelato
12%
Stardust Crusaders Telence T. D'Arby
12%
Phantom Blood Tonpetty
12%
Stardust Crusaders Daniel J. D'Arby
11%
Golden Wind Luca
11%
Golden Wind Sorbet
11%
Stardust Crusaders Anne
10%
Stone Ocean Gwess
10%
Diamond is Unbreakable Ken Oyanagi
10%
Battle Tendency Mario Zeppeli
10%
Diamond is Unbreakable Mikitaka Hazekura
10%
Golden Wind Squalo
10%
Diamond is Unbreakable Yuya Fungami
10%
Golden Wind Illuso
9%
Battle Tendency Mark
9%
Phantom Blood Mary Joestar
9%
Phantom Blood Mary Stuart
9%
Diamond is Unbreakable Tama
9%
Golden Wind Tiziano
9%
Golden Wind Carne
8%
Stone Ocean Donatello Versus
8%
Phantom Blood Elisabeth I
8%
Battle Tendency Loggins
8%
Battle Tendency Messina
8%
Stone Ocean The Green Baby
8%
Phantom Blood Wang Chan
8%
Diamond is Unbreakable Yoshihiro Kira
8%
Golden Wind Coco Jumbo
7%
Stardust Crusaders Forever
7%
Diamond is Unbreakable Kosaku Kawajiri
7%
Stone Ocean Rikiel
7%
Diamond is Unbreakable Shinobu Kawajiri
7%
Stardust Crusaders ZZ
7%
Stardust Crusaders Chaka
6%
Battle Tendency Donovan
6%
Stardust Crusaders Mannish Boy
6%
Golden Wind Mario Zucchero
6%
Stardust Crusaders Midler
6%
Stone Ocean Romeo Jisso
6%
Stone Ocean Ungalo
6%
Diamond is Unbreakable Arnold
5%
Stardust Crusaders Cameo
5%
Stardust Crusaders Devo
5%
Stardust Crusaders Gray Fly
5%
Stardust Crusaders Nena
5%
Stardust Crusaders Rubber Soul
5%
Golden Wind Sale
5%
Diamond is Unbreakable Shizuka Joestar
5%
Diamond is Unbreakable Tamami Kobayashi
5%
Stardust Crusaders Arabia Fats
4%
Stone Ocean Johngalli A.
4%
Stardust Crusaders Kenny G.
4%
Stone Ocean Miuccia Miuller
4%
Phantom Blood Peggy
4%
Golden Wind Pericolo
4%
Stardust Crusaders Sadao Kujo
4%
Stone Ocean Thunder McQueen
4%
Phantom Blood Adams
3%
Phantom Blood Amato (Kempo Fighter)
3%
Phantom Blood Bonham
3%
Stone Ocean D an G
3%
Golden Wind Donatella Una
3%
Phantom Blood Doobie
3%
Stone Ocean Guccio
3%
Stone Ocean Irene
3%
Phantom Blood Irezumi (Tattoo)
3%
Stone Ocean Kenzo
3%
Stardust Crusaders Khan
3%
Diamond is Unbreakable Masazo Kinoto
3%
Stone Ocean Miraschon
3%
Phantom Blood Page
3%
Phantom Blood Père Styx
3%
Stone Ocean Perla Pucci
3%
Phantom Blood Plant
3%
Stardust Crusaders Roses
3%
Diamond is Unbreakable Ryohei Higashikata
3%
Stardust Crusaders Sherry Polnareff
3%
Diamond is Unbreakable Terunosuke Miyamoto
3%
Diamond is Unbreakable Toshikazu Hazamada
3%
Diamond is Unbreakable Toyohiro Kanedaichi
3%
Stone Ocean Viviano Westwood
3%
Battle Tendency Wired Beck
3%
Diamond is Unbreakable Bug-Eaten
2%
Diamond is Unbreakable Cheap Trick
2%
Stone Ocean Gloria Costello
2%
Stardust Crusaders Imposteur Capitaine Tennille
2%
Phantom Blood Jones
2%
Stone Ocean Lang Rangler
2%
Stardust Crusaders Malena
2%
Stardust Crusaders Nukesaku
2%
Golden Wind Scolippi
2%
Stone Ocean Sports Maxx
2%
Diamond is Unbreakable Akemi
1%
Stone Ocean Anakis
1%
Golden Wind Anita
1%
Stone Ocean Atroe
1%
Diamond is Unbreakable Ayana Hirose
1%
Phantom Blood Caineghis
1%
Phantom Blood Eijkman
1%
Phantom Blood Inspecteur Archer
1%
Stone Ocean Loccobarocco
1%
Diamond is Unbreakable Minako Okura
1%
Diamond is Unbreakable Not Bug-Eaten
1%
Golden Wind Paolo Bucciarati
1%
Diamond is Unbreakable Reiko
1%
Diamond is Unbreakable Satoru Nakae
1%
Stone Ocean Savage Garden
1%
Stardust Crusaders Wilson Phillips
1%
Phantom Blood Winzaleo
1%
Diamond is Unbreakable Yoshie
1%
Stone Ocean Eldis
0%
Stone Ocean Sonny Likir
0%
Aucun quiz correspondant
Distribution des résultats
% des personnes avec chaque résultat
Percentile par nombre de réponses
Votre historique - résultats
Vous n’avez pas pris ce quiz depuis la dernière actualisation